• 首页
  • 本馆介绍
  • 公告通知
  • 最新文献
  • 馆藏检索
  • 电子资源
  • 读者导购
  • 参考咨询
  • 我的图书馆
  • 登录
  • 详细信息显示
  • 放入我的书架
  • 预约/预借图书
  • 作者相关作品
  • 分类相关作品
  • 丛书相关作品
  • 出版社相关作品

书目信息

  • 表格格式
  • 工作单格式
  • 卡片格式
题名:
城市排水与污水处理管理工作研究
    
 
作者: 吕守胜, 著
分册:  
出版信息: 长春   吉林科学技术出版社  2022.05
页数: 169页
开本: 26cm
丛书名:
单 册:
中图分类: TU992 , X703
科图分类:
主题词: 市政工程--shi zheng gong cheng--排水工程--研究 , 城市污水处理--cheng shi wu shui chu li--研究
电子资源:
ISBN: 978-7-5578-9315-6
000 01172nam0 2200277 450
001 CAL 012022036548
005 20230217093112.0
010    @a978-7-5578-9315-6@dCNY58.00
100    @a20221020d2022 em y0chiy0120 ea
101 0  @achi
102    @aCN@b220000
105    @aa a 000yy
106    @ar
200 1  @a城市排水与污水处理管理工作研究@Acheng shi pai shui yu wu shui chu li guan li gong zuo yan jiu@f吕守胜著
210    @a长春@c吉林科学技术出版社@d2022.05
215    @a169页@c图@d26cm
314    @a吕守胜, 本科学历, 高级工程师, 一级建造师。
320    @a有书目 (第167-169页)
330    @a本书围绕城市排水与污水处理管理工作展开研究, 以城市排水系统的分类与体制、城市排水系统的构成与布置、城市排水管网系统的规划为切入, 探讨城市道路排水施工技术与应用、城市排水设施及其信息化管理、城市污水处理及其技术发展、城市污水处理厂的运行管理、城市污水处理系统的智能控制管理与应用。
606 0  @a市政工程@Ashi zheng gong cheng@x排水工程@x研究
606 0  @a城市污水处理@Acheng shi wu shui chu li@x研究
690    @aTU992@v5
690    @aX703@v5
701  0 @a吕守胜,@Alv shou sheng@f1965-@4著
801  0 @aCN@bBJXHZP@c20230228
905    @b1386348-51@dTU992@e2150@f4
    
    城市排水与污水处理管理工作研究/吕守胜著.-长春:吉林科学技术出版社,2022.05
    169页:图;26cm
    
    
    ISBN 978-7-5578-9315-6:CNY58.00
    本书围绕城市排水与污水处理管理工作展开研究, 以城市排水系统的分类与体制、城市排水系统的构成与布置、城市排水管网系统的规划为切入, 探讨城市道路排水施工技术与应用、城市排水设施及其信息化管理、城市污水处理及其技术发展、城市污水处理厂的运行管理、城市污水处理系统的智能控制管理与应用。
●
相关链接 在E读中查询图书 在五车中查询图书 在当当中查询图书 在豆瓣中查询图书


正题名:城市排水与污水处理管理工作研究     索取号:TU992/2150         预约/预借

序号 登录号 条形码 馆藏地/架位号 状态 备注
1 1386348   213863489   第二样本阅览室/ [索取号:TU992/2150] 在馆    
2 1386349   213863498   第三借阅区/ [索取号:TU992/2150] 在馆    
3 1386350   213863504   第三借阅区/ [索取号:TU992/2150] 在馆    
4 1386351   213863513   第三借阅区/ [索取号:TU992/2150] 在馆    
唐山师范学院图书馆 欢迎您!
大连网信软件有限公司© 版权所有